00864nam a2200169 a 450000100100000000500170001000800410002704000250006808200140009310000410010724500710014826000460021930000210026550002790028695201120056599900170067700002051620200930011125.0100322s2004 cu 000 0 spa d aDO-SdBNPbspacBNPHU axxxxbxxx1 aPeiró Silla, José María94323310aPsicología de la organización /cJosé María Peiró Silla. aLa Habana, Cuba :bFéliz Varela,c2004. a394 p. ;c24 cm. aLa presente reproducción se realiza en virtud de la licencia especial No. 22 de fecha 22 de junio 2004, otorgada por el Centro Nacional de Derecho de Autor, de conformidad con lo dispuesto en el artículo 37 de la Ley No 14 de Derecho de Autor de 28 de diciembre de 1977. 001050718MOaGRbGRcCTd2017-10-04iLF1l0oxxxx xxxp20516-10r2020-06-25w2020-06-25y1ZNo se presta c20020d20020